Why does the world stay green? : nutrition and survival of plant-eaters

Bibliographic Details
Main Author: White, T. C. R. [ (Thomas C. R.)]
Format: Book
Published: Collingwood, Vic. : CSIRO Pub. , 2005.
Subjects:

MARC

LEADER 00000cam a2200000 7i4500
001 0000003683
005 20080131.0
020 0 0 |a 0643091580 
090 0 0 |a 591.54   |b WHI 
100 1 0 |a White, T. C. R. [  |q (Thomas C. R.)] 
245 1 0 |a Why does the world stay green? :   |b nutrition and survival of plant-eaters   |c TCR White. 
260 0 0 |a Collingwood, Vic. :   |b CSIRO Pub. ,   |c 2005. 
300 |a viii, 120 p. :   |b ill. ;   |c 24 cm. 
500 0 0 |a Includes bibliographical references and index. 
650 0 0 |a Animal-plant relationships. 
650 0 0 |a Nitrogen in animal nutrition. 
650 0 0 |a Population biology. 
999 |a 0000007125   |b Monograph   |c Open Shelf   |e Default branch